000 01158cam a2200229 4500
001 J128961
008 050307n1913 000 0 eng u
035 _a(Sirsi) u128961
041 _aeng
050 _a720
_c18
100 _aGodfrey, Walter H.
245 _aSurvey of London volume four
_bthe parish of Chelsea (part two)
260 _aLondon
_bBatsford
_c1913
300 _axvii, 101p.
_bill.
_c30cm.
490 _aSurvey of London Main Series
_v4
520 _aThis volume of the "Survey of London", English Heritage's detailed architectural and topographical study, describes buildings in and around Cheyne Walk (including many which have been demolished or rebuilt), explaining how they came into being and outlining their significance and historical associations. This earlier volume is highly selective and includes few buildings erected after 1800. Includes photographs and maps together with plans, sections and elevations of selected buildings.
590 _aSOL
690 _aBUILT ENVIRONMENT-CONSTRUCTION DESIGN
700 _aGomme, Laurence
_cSir
_d1853-1916
_xGeneral Editor
700 _aNorman, Philip
_xGeneral Editor
942 _n0
999 _c104049
_d104049